Datum a čas kvízu
31.5
Celkem bodů
Celkový počet nahraných bodů na tomto kvízu bez doplňovacích otázek.
2.
Pořadí na kvízu
Konečné umístění týmu na tomto kvízu.
Zaznamenané odpovědi
| # | Otázka | Odpověď | Body | Výsledky |
|---|---|---|---|---|
| 1. | Minulý týden napadli hackeři f... | dopravy | 1 | |
| 2. | Jeden polský autobusový doprav... | Hel | 0 | |
| 3. | Ve středu vydala Česká pošta d... | Libuše Šafránková, Josef Abrhám | 1 | |
| 4. | Ve středu oznámil český minist... | Zdeněk Nekula, Marek Výborný | 1 | |
| 5. | Který tým získal minulý týden... | Vegas (Golden Knights) | 1 | |
| 6. | V následujících otázkách se bu... | Pangea, Gondwanu | 1 | |
| 7. | Seřaďte následující minerály p... | 1B 2C 3A 4D | 1 | |
| 8. | Která vyvřelá hornina, běžně n... | čedič (bazalt) | 1 | |
| 9. | Součástí geologických věd je t... | na Islandu, v Norsku | 1 | |
| 10. | Jak se nazývá nejmladší geolog... | holocén | 1 |